Reformulación de las instituciones para la eficacia del Mercosur en la integración económica (Registro nro. 416)
[ vista simple ]
| 000 -LEADER | |
|---|---|
| fixed length control field | 01125 a2200217 4500 |
| 001 - CONTROL NUMBER | |
| control field | 4286 |
| 005 - DATE AND TIME OF LATEST TRANSACTION | |
| control field | 20260407155434.0 |
| 008 - FIXED-LENGTH DATA ELEMENTS--GENERAL INFORMATION | |
| fixed length control field | 260407a2011 arg spa d |
| 003 - CONTROL NUMBER IDENTIFIER | |
| control field | AR-UNSa-BCEJYS |
| 040 ## - CATALOGING SOURCE | |
| Original cataloging agency | AR-UNSa-BCEJYS |
| Language of cataloging | spa |
| Transcribing agency | AR-UNSa-BCEJYS |
| 080 ## - UNIVERSAL DECIMAL CLASSIFICATION NUMBER | |
| Universal Decimal Classification number | 341 |
| Common auxiliary subdivision | Derecho internacional |
| 020 ## - INTERNATIONAL STANDARD BOOK NUMBER | |
| International Standard Book Number | 978-987-03-1899-6 |
| 100 1# - MAIN ENTRY--PERSONAL NAME | |
| Personal name | Maito, Miguel Angel |
| 245 10 - TITLE STATEMENT | |
| Title | Reformulación de las instituciones para la eficacia del Mercosur en la integración económica |
| 264 #1 - PRODUCTION, PUBLICATION, DISTRIBUTION, MANUFACTURE, AND COPYRIGHT NOTICE | |
| Place of production, publication, distribution, manufacture | Buenos Aires : |
| Name of producer, publisher, distributor, manufacturer | Universidad de Buenos Aires. Facultad de Derecho |
| Date of production, publication, distribution, manufacture, or copyright notice | 2011 |
| 300 ## - PHYSICAL DESCRIPTION | |
| Extent | xvi, 167 p. |
| Dimensions | 24 cm. |
| 505 ## - FORMATTED CONTENTS NOTE | |
| Formatted contents note | 1. Introducción - 2. El proceso de constitución del Mercado Común del Sur - 3. Las instituciones del Mercosur y el derecho de la integración - 4. La reforma institucional pendiente - 5. Una visión hacia adelante: la opción integradora y la opción diluyente |
| 590 ## - LOCAL NOTE (RLIN) | |
| Local note | niveau_biblio:m niveau_hierar:0 |
| 856 41 - ELECTRONIC LOCATION AND ACCESS | |
| Uniform Resource Identifier | <a href="https://biblioeco.unsa.edu.ar/pmb/images/libros/Reformulacion de las instituciones para la eficacia del mercosur en la integracion economica-l118370.jpg">https://biblioeco.unsa.edu.ar/pmb/images/libros/Reformulacion de las instituciones para la eficacia del mercosur en la integracion economica-l118370.jpg</a> |
| Link text | Imagen de portada |
| Electronic format type | image/jpeg |
| 942 ## - ADDED ENTRY ELEMENTS (KOHA) | |
| Koha item type | |
| Withdrawn status | Lost status | Damaged status | Not for loan | Home library | Current library | Shelving location | Date acquired | Total checkouts | Full call number | Barcode | Date last seen | Price effective from | Koha item type |
|---|---|---|---|---|---|---|---|---|---|---|---|---|---|
| Biblioteca Prof. Eusebio Cleto del Rey | Biblioteca Prof. Eusebio Cleto del Rey | 07/04/2026 | 341 M232 | L118370 | 07/04/2026 | 07/04/2026 | Libro |